Religion Quiz

Random Religion or Bible Quiz
Score 0/9 Timer 02:30
0 Plays Today
% Correct
ye might say unto this sycamine tree, be thou plucked up by the root, and be thou planted in the sea; and it should obey you.
52.6%
inherit the promises.
50%
are blessed with faithful Abraham.
39.5%
ye shall say unto this mountain, Remove hence to yonder place; and it shall remove; and nothing shall be impossible unto you.
36.8%
ye shall not only do this which is done to the fig tree, but also if ye shall say unto this mountain, Be thou removed, and be thou cast into the sea; it shall be done.
34.2%
even the salvation of your souls.
34.2%
In the body of his flesh through death, to present you holy and unblameable and unreprovable in his sight:
31.6%
Hath not God chosen
26.3%
For ye are all the children of God
21.1%
Remove Ads.
Support Sporcle.
Get the best of Sporcle when you Go Orange. This ad-free experience offers more features, more stats, and more fun while also helping to support Sporcle. Thank you for becoming a member.

You're not logged in!

Compare scores with friends on all Sporcle quizzes.
OR
Log In

Show Comments

Extras

Created Dec 16, 2018ReportNominate
Tags:Bible Quiz, Clickable Quiz, faith

Top Quizzes Today


Score Distribution

Your Account Isn't Verified!

In order to create a playlist on Sporcle, you need to verify the email address you used during registration. Go to your Sporcle Settings to finish the process.

Report this User

Report this user for behavior that violates our Community Guidelines.

Details: